LEADER 00529nam 2200169z- 450 001 9910693643903321 035 $a(CKB)4970000000030833 035 $a(EXLCZ)994970000000030833 100 $a20240129c2002uuuu -u- - 101 0 $aeng 200 00$aFinancial management : survey of capitalization threshold and other policies for property, plant, and equipment 210 $aWashington, D.C 517 $aFinancial Management 906 $aDOCUMENT 912 $a9910693643903321 996 $aFinancial Management$9424135 997 $aUNINA